Canto de ángeles (Record no. 162675)

MARC details
000 -LEADER
campo de control de longitud fija 01118nam a22002175i 4500
001 - NÚMERO DE CONTROL
campo de control 162675
003 - IDENTIFICADOR DE NÚMERO DE CONTROL
campo de control ES-MaACL
005 - FECHA Y HORA DE LA ÚLTIMA TRANSACCIÓN
campo de control 20230906212558.0
008 - DATOS DE LONGITUD FIJA--INFORMACIÓN GENERAL
campo de control de longitud fija 020402s1871 sp |||| | spa d
040 ## - FUENTE DE CATALOGACIÓN
Centro catalogador/agencia de origen CAM
Lengua de catalogación spa
Centro/agencia transcriptor CAM
100 1# - ENTRADA PRINCIPAL--NOMBRE DE PERSONA
Nombre de persona Puente y Brañas, Ricardo.
9 (RLIN) 94166
245 10 - MENCIÓN DEL TÍTULO
Título Canto de ángeles
Resto del título : zarzuela en un acto y en verso, escrita sobre un pensamiento de Alfonso Karr /
Mención de responsabilidad, etc. por Ricardo Puente y Brañas ; música de José Rogel.
260 ## - PUBLICACIÓN, DISTRIBUCIÓN, ETC.
Lugar de publicación, distribución, etc. Madrid :
Nombre del editor, distribuidor, etc. [s.n.],
Fecha de publicación, distribución, etc. 1871 (
Fabricante Imprenta de José Rodriguez)
300 ## - DESCRIPCIÓN FÍSICA
Extensión 32 p. ;
Dimensiones 20 cm.
310 ## - PERIODICIDAD ACTUAL
Periodicidad actual Solo la letra
500 ## - NOTA GENERAL
Nota general En port.: Estrenada en el teatro de los Bufos Arderius, la noche del 13 de febrero de 1871.
500 ## - NOTA GENERAL
Nota general Precede al tít.: Repertorio de los bufos Arderius.
596 ## - NOTA AL PIE DE IMPRENTA
NOTA AL PIE DE IMPRENTA En verso de port. consta: "... de la galería lírico-dramática titulada El Teatro, de los Sres. Hijos de A. Gullon ..."
700 1# - ENTRADA AGREGADA--NOMBRE PERSONAL
Nombre de persona Rogel, José.
9 (RLIN) 131984
852 ## - LOCALIZACIÓN
Ubicación ES-MaACL
Número de control de estantería F-8581(12)
Nota libre -- Enc. pasta española.
condición física -- Falto de la cub. original
Nota libre -- Enc. en un vol. facticio formando parte de la col. facticia "Teatro español moderno", vol. 34
Holdings
Estatus retirado Estado de pérdida Estado de daño No para préstamo Colección Biblioteca de origen Biblioteca actual Ubicación en estantería Fecha de adquisición Total de préstamos Signatura topográfica completa Código de barras Visto por última vez Precio de reemplazo Tipo de ítem Koha
        Libros del s. XIX Biblioteca del Ateneo de Madrid Biblioteca del Ateneo de Madrid Sala Pecera Planta 2 17/01/2008   F-8581(12) 1170430 23/02/2023 23/02/2023 Libro impreso antiguo